| 000 | 01538nam2a22002411 4500 | ||
|---|---|---|---|
| 001 | RU\NLR\INFOCOMM19\5000025510 | ||
| 005 | 20250617034243.0 | ||
| 035 | _a(NLR Aleph) 002422282 | ||
| 090 |
_a1915990 _c1915990 |
||
| 100 | _a20050127d1982 |||y0rusy50 ca | ||
| 101 | 0 | _arus | |
| 102 | _aRU | ||
| 105 | _ay ||||000|y | ||
| 200 | 1 |
_aОпыт новаторов в цветной металлургии _eКн. и журн. лит. на рус. и иностр. яз. за 1979-1982 _e(Библиогр. список №2992/82) |
|
| 210 |
_d1982 _aБ. м. |
||
| 461 | 0 |
_1001RU\NLR\INFOCOMM19\5000025491 _12001#$aБиблиографическая информация$iСерия "Научная организация труда в цветной металлургии"$fЦНИИ экономики и информ. цв. металлургии. ЦНИИцветмет экономики и информ.$v1982, Вып.1[1] _91915856 _aЦНИИ экономики и информации цветной металлургии (Москва) _cМ. _d1980-1982 _fЦНИИ экономики и информ. цв. металлургии. ЦНИИцветмет экономики и информ. _iСерия "Научная организация труда в цветной металлургии" _tБиблиографическая информация _v1982, Вып.1[1] |
|
| 801 | 1 |
_aRU _bInfoComm _c20050127 |
|
| 801 | 0 |
_aRU _bNLR _gPSBO |
|
| 852 |
_aNLR _bС _jП-1/1425 |
||
| 942 | _cISSUE | ||
| 980 | _aNB | ||
| 980 | _aRUSPER | ||